Essential SharePoint 2007 : delivering high-impact collaboration / (Record no. 8697)
[ view plain ]
| 000 -LEADER | |
|---|---|
| fixed length control field | 01236nac a22003131u 4500 |
| 010 ## - LIBRARY OF CONGRESS CONTROL NUMBER | |
| LC control number | 2007006429 |
| 020 ## - INTERNATIONAL STANDARD BOOK NUMBER | |
| International Standard Book Number | 0321421744 (pbk. : alk. paper) |
| 020 ## - INTERNATIONAL STANDARD BOOK NUMBER | |
| International Standard Book Number | 9780321421746 (pbk. : alk. paper) |
| 035 ## - SYSTEM CONTROL NUMBER | |
| System control number | (OCoLC)ocm85162031 |
| 035 ## - SYSTEM CONTROL NUMBER | |
| System control number | (OCoLC)85162031 |
| 082 00 - DEWEY DECIMAL CLASSIFICATION NUMBER | |
| Classification number | 004.68 |
| Item number | JAM |
| 090 ## - LOCALLY ASSIGNED LC-TYPE CALL NUMBER (OCLC); LOCAL CALL NUMBER (OCLC) | |
| -- | 8697 |
| -- | 8697 |
| 100 ## - MAIN ENTRY--PERSONAL NAME | |
| Personal name | Jamison, Scott. |
| 245 10 - TITLE STATEMENT | |
| Title | Essential SharePoint 2007 : delivering high-impact collaboration / |
| Remainder of title | delivering high-impact collaboration / |
| Statement of responsibility, etc | Scott Jamison, Mauro Cardarelli, with Susan Hanley |
| 260 ## - PUBLICATION, DISTRIBUTION, ETC. (IMPRINT) | |
| Place of publication, distribution, etc | Upper Saddle River, NJ : |
| Name of publisher, distributor, etc | Addison-Wesley,2007. |
| Date of publication, distribution, etc | c2007. |
| 300 ## - PHYSICAL DESCRIPTION | |
| Extent | xviii, 446 p. : |
| Other physical details | ill. ; |
| Dimensions | 24 cm. |
| 440 #4 - | |
| -- | The Addison-Wesley Microsoft technology series |
| 500 ## - GENERAL NOTE | |
| General note | Includes index. |
| 500 ## - GENERAL NOTE | |
| General note | Distributer: Bacca |
| 511 ## - PARTICIPANT OR PERFORMER NOTE | |
| Participant or performer note | Catalogued by: Sara |
| 650 #0 - SUBJECT ADDED ENTRY--TOPICAL TERM | |
| Topical term or geographic name as entry element | Intranets (Computer networks) |
| 650 #0 - SUBJECT ADDED ENTRY--TOPICAL TERM | |
| Topical term or geographic name as entry element | Web servers. |
| 650 #0 - SUBJECT ADDED ENTRY--TOPICAL TERM | |
| Topical term or geographic name as entry element | Local area networks |
| 700 1# - ADDED ENTRY--PERSONAL NAME | |
| Personal name | Cardarelli, Mauro. |
| 700 1# - ADDED ENTRY--PERSONAL NAME | |
| Personal name | Hanley, Susan, |
| Dates associated with a name | 1956- |
| 856 41 - ELECTRONIC LOCATION AND ACCESS | |
| Materials specified | Table of contents only |
| Uniform Resource Identifier | <a href="http://www.loc.gov/catdir/toc/ecip0711/2007006429.html">http://www.loc.gov/catdir/toc/ecip0711/2007006429.html</a> |
| 942 ## - ADDED ENTRY ELEMENTS (KOHA) | |
| Item type | Book - Borrowing |
| Call number prefix | 004.68JAM |
| Withdrawn status | Item status | Damaged status | Not for loan | Home library | Current library | Shelving location | Date acquired | Source of acquisition | Total Checkouts | Total Renewals | Full call number | Barcode | Date last seen | Koha item type |
|---|---|---|---|---|---|---|---|---|---|---|---|---|---|---|
| Central Library | Central Library | Lower Floor | 18/03/2008 | Purchase | 2 | 1 | 004.68JAM | 000010629 | 15/07/2025 | Book - Borrowing |